00993 2200373 4500001002100000005001500021035002000036007000300056008004100059020002200100082001000122084001600132100001300148245012500161260003400286300003100320650001200351990001600363990001600379990001600395990001600411990001600427990001600443990001600459990001600475990001600491990001600507990001600523990001600539990001600555990001600571990001600587990001600603INLIS00000000000056620181002085852 a0010-1018000011ta181002 0 ind  a978-602-8674-61-4 a616.9 a616.9 SOE m0 aSoedarto1 aMalaria :breferensi mutahir epidemiologi global,plasmodium,anapheles penatalaksanaan penderita malaria 2011 /cSoedarto aJakarta :bSagung Seto,c2011 axx,269p. :bIlus. ;c23 cm aMalaria a00000002338 a00000002335 a00000002336 a00000002337 a00000002337 a00000002335 a00000002336 a00000002338 a00000002336 a00000002335 a00000002337 a00000002338 a00000002335 a00000002336 a00000002337 a00000002338